Bantuan Studi Cepat UPSR : Kajian Tempatan
| Main Author: | |
|---|---|
| Format: | Book |
| Published: |
Kuala Lumpur :
Sasbadi Sdn.Bhd. ,
1995
|
| Series: | Sasbadi
|
| Subjects: |
MARC
| LEADER | 00000cam a2200000 7i4500 | ||
|---|---|---|---|
| 001 | 0000007946 | ||
| 002 | 000008522 | ||
| 005 | 20000330.0 | ||
| 020 | |a 9830292290 | ||
| 090 | 0 | 0 | |a 372 |b HAM |
| 100 | 0 | |a Hammal Umar | |
| 245 | 1 | 0 | |a Bantuan Studi Cepat UPSR : |b Kajian Tempatan |c Hammal Umar |
| 260 | |a Kuala Lumpur : |b Sasbadi Sdn.Bhd. , |c 1995 | ||
| 300 | |a 138p. : |b ill ; |c 18cm. | ||
| 490 | 0 | |a Sasbadi | |
| 650 | 0 | 0 | |a UPSR Kajian tempatan tahun 4 |
| 999 | |a 054852 |b BUKU |c PINJAMAN |e PERPUSTAKAAN KOMUNITI CAW KOTA DAMANSARA | ||